Statistics for Guess the Taylor Swift song with no hints #9

Click here to take the quiz!

General Stats

  • This quiz has been taken 41,118 times
  • The average score is 272 of 419

Answer Stats

ANSWER% Correct
I
99%
a
98%
You
97%
you
97%
you'll
97%
The
93%
the
93%
me
92%
we
91%
an
89%
be
87%
in
86%
and
85%
And
85%
When
84%
when
84%
Then
83%
to
83%
love
82%
your
82%
she
81%
she's
81%
Do
79%
on
79%
it
78%
go
77%
my
77%
so
76%
were
76%
we're
76%
who
75%
no
74%
that
74%
That
74%
think
71%
about
69%
'bout
69%
of
69%
was
69%
Was
69%
bet
68%
Is
68%
they
68%
you're
68%
for
67%
her
67%
I'm
67%
say
66%
Oh
65%
too
64%
what
64%
With
64%
with
64%
know
62%
mine
62%
all
61%
like
61%
girl
60%
had
60%
A.M.
59%
have
59%
But
58%
free
58%
Just
58%
just
58%
up
58%
3
57%
it's
57%
than
56%
Why
56%
friends
55%
never
55%
At
54%
at
54%
still
54%
tell
54%
better
53%
now
53%
Now
53%
don't
52%
said
52%
did
51%
has
51%
'em
50%
not
50%
time
50%
awake
49%
bed
49%
fine
49%
back
48%
can't
48%
I'll
48%
let
48%
out
48%
over
47%
get
46%
god
46%
insane
46%
leave
46%
shoes
46%
song
46%
done
45%
Well
45%
city
44%
dreams
44%
life
44%
that's
44%
Yeah
44%
yeah
44%
room
43%
asleep
42%
'cause
42%
Fast
42%
hard
42%
wrote
42%
believe
41%
forget
41%
house
41%
sit
41%
couldn't
40%
fall
40%
heard
40%
pedigree
40%
eyes
39%
feel
39%
harder
39%
last
39%
make
39%
make-believe
39%
need
39%
wasn't
39%
around
38%
book
38%
every
38%
grew
38%
happy
38%
yes
38%
dancing
37%
Does
37%
farm
37%
help
37%
looking
37%
mansion
37%
meaning
37%
talking
37%
circles
36%
community
36%
fell
36%
fit
36%
kitchen
36%
realized
36%
sad
36%
table
36%
tried
36%
couch
35%
gated
35%
hadn't
35%
laughed
35%
living
35%
million-dollar
35%
raised
35%
saved
35%
Beverly
34%
bills
34%
early
34%
Hills
34%
jokes
34%
old
34%
silver-spoon
34%
snow
34%
spring
34%
different
33%
organic
32%
shiny
32%
bright
31%
reality
31%
rolled
31%
shit
31%
world
31%
space
30%
felt
29%
indie
29%
music
29%
upper-crust
29%
concerts
28%
cool
28%
crept
28%
Glamorous
28%
Scared
28%
scared
28%
searching
28%
shrink
28%
soul
28%
Superior-Thinkin’
28%
Mister
27%
week
27%
loud
26%
none
26%
voices
26%
block
25%
hip
25%
mattered
25%
saying
25%
status
23%
Chasing
22%
turned
21%

Score Distribution

Percentile by Number Answered

Percent of People with Each Score

Your Score History

You have not taken this quiz